000
00471nam a2200145Ia 4500
008
100122s9999 xx 000 0 und d
082
_b
41367
_a
204
100
_a
पंडित नलिनी
245
_a
धर्म शासन आणि समाज
260
_b
जयंत गडकरी
_c
1987
300
_a
82
630
_a
धर्म शासन आणि समाज
730
_a
धर्म शासन आणि समाज
942
_c
BOOK
999
_c
422022
_d
422019